Qualitive Research and Case Study Applications in Education (Record no. 4281)

MARC details
000 -LEADER
fixed length control field 00482nam a22001937a 4500
003 - CONTROL NUMBER IDENTIFIER
control field OSt
005 - DATE AND TIME OF LATEST TRANSACTION
control field 20210915163920.0
008 - FIXED-LENGTH DATA ELEMENTS--GENERAL INFORMATION
fixed length control field 210915b |||||||| |||| 00| 0 eng d
020 ## - INTERNATIONAL STANDARD BOOK NUMBER
International Standard Book Number 0787910090
040 ## - CATALOGING SOURCE
Transcribing agency HAWASSA UNIVERSITY
050 ## - LIBRARY OF CONGRESS CALL NUMBER
Classification number 37072/MER
082 ## - DEWEY DECIMAL CLASSIFICATION NUMBER
Classification number 370.72/MER
100 ## - MAIN ENTRY--PERSONAL NAME
Personal name MERRIAM B. SHARAN
9 (RLIN) 4208
245 ## - TITLE STATEMENT
Title Qualitive Research and Case Study Applications in Education
260 ## - PUBLICATION, DISTRIBUTION, ETC.
Date of publication, distribution, etc. 1998
300 ## - PHYSICAL DESCRIPTION
Extent xviii/275
504 ## - BIBLIOGRAPHY, ETC. NOTE
Bibliography, etc. note Index
942 ## - ADDED ENTRY ELEMENTS (KOHA)
Source of classification or shelving scheme Dewey Decimal Classification
Koha item type Books like text book referance book
Suppress in OPAC No
Holdings
Withdrawn status Lost status Source of classification or shelving scheme Damaged status Not for loan Home library Current library Date acquired Total Checkouts Full call number Barcode Date last seen Copy number Price effective from Koha item type
    Dewey Decimal Classification     College of Agriculture Library College of Agriculture Library 09/15/2021   370.72/MER ALIB0005585 09/15/2021 1 09/15/2021 Books like text book referance book
    Dewey Decimal Classification     College of Agriculture Library College of Agriculture Library 09/15/2021   370.72/MER ALIB0005801 09/15/2021 2 09/15/2021 Books like text book referance book
    Dewey Decimal Classification     College of Agriculture Library College of Agriculture Library 09/15/2021   370.72/MER ALIB0005591 09/15/2021 6 09/15/2021 Books like text book referance book
    Dewey Decimal Classification     College of Agriculture Library College of Agriculture Library 09/15/2021   370.72/MER ALIB0005592 09/15/2021 7 09/15/2021 Books like text book referance book
    Dewey Decimal Classification     College of Agriculture Library College of Agriculture Library 09/15/2021   370.72/MER ALIB0005593 09/15/2021 8 09/15/2021 Books like text book referance book
    Dewey Decimal Classification     College of Agriculture Library College of Agriculture Library 09/15/2021   370.72/MER ALIB0005594 09/15/2021 9 09/15/2021 Books like text book referance book
    Dewey Decimal Classification     College of Agriculture Library College of Agriculture Library 09/15/2021   370.72/MER ALIB0005595 09/15/2021 10 09/15/2021 Books like text book referance book
    Dewey Decimal Classification     College of Agriculture Library College of Agriculture Library 09/15/2021   370.72/MER ALIB0005596 09/15/2021 11 09/15/2021 Books like text book referance book
    Dewey Decimal Classification     College of Agriculture Library College of Agriculture Library 09/15/2021   370.72/MER ALIB0005597 09/15/2021 12 09/15/2021 Books like text book referance book
    Dewey Decimal Classification     College of Agriculture Library College of Agriculture Library 09/15/2021   370.72/MER ALIB0005598 09/15/2021 13 09/15/2021 Books like text book referance book
    Dewey Decimal Classification     College of Agriculture Library College of Agriculture Library 09/15/2021   370.72/MER ALIB0005599 09/15/2021 14 09/15/2021 Books like text book referance book
    Dewey Decimal Classification     College of Agriculture Library College of Agriculture Library 09/15/2021   370.72/MER ALIB000560 09/15/2021 15 09/15/2021 Books like text book referance book